La democracia: ¿tan solo una ilusión? /

Guardado en:
Bibliografiske detaljer
Hovedforfatter: Marín, Juan Carlos
Andre forfattere: Rebón, Julián
Format: Texto
Fag:
Tags: Tilføj Tag
Ingen Tags, Vær først til at tagge denne postø!

MARC

LEADER 00000 a a2200000 04500
001 41492
003
040
100 |a Marín, Juan Carlos  
245 |a La democracia:   |b ¿tan solo una ilusión? /  |c Juan Carlos Marín ; Julián Rebón  
590 |a EFU/OCTUBRE2011  
650 |a 1.SOCIOLOGIA  
650 |a 2.ARGENTINA  
650 |a 3.COMENTARIOS  
650 |a 4.DEMOCRACIA  
700 |a Rebón, Julián 
773 |g páginas 640-650  
999 |c 30349  |d 30349